Three Doors Down- It's Not My Time Lyrics - Statistics

General Stats
  • This quiz has been taken 8 times
  • The average score is 272 of 329
Answer Stats
Answer % Correct
a
100%
an
100%
And
100%
and
100%
be
100%
could
100%
end
100%
everything
100%
fear
100%
go
100%
going
100%
I
100%
I'm
100%
in
100%
It
100%
It's
100%
it's
100%
know
100%
me
100%
my
100%
My
100%
no
100%
not
100%
of
100%
Oh
100%
the
100%
this
100%
this?
100%
This
100%
time
100%
won't
100%
believe
80%
But
80%
but
80%
might
80%
more
80%
now
80%
see
80%
show
80%
showing
80%
There
80%
there
80%
There's
80%
to
80%
we
80%
you
80%
all
60%
at
60%
back
60%
beginning
60%
breathe
60%
Can
60%
can
60%
current's
60%
down
60%
getting
60%
harder
60%
I'll
60%
Just
60%
just
60%
look
60%
Looking
60%
made
60%
only
60%
our
60%
plans
60%
than
60%
that
60%
too
60%
yeah
60%
away
40%
been
40%
Cause
40%
dreams
40%
friend
40%
from
40%
gonna
40%
had
40%
have
40%
how
40%
life
40%
like
40%
live
40%
Living
40%
long
40%
ocean
40%
one
40%
pulling
40%
save
40%
under
40%
was
40%
What
40%
what
40%
will
40%
ahead
20%
blind
20%
friends
20%
I've
20%
loving
20%
matter
20%
should
20%
take
20%
taking
20%
them
20%
tries
20%
understand
20%
whoa
20%
world
20%
No matching quizzes found
Score Distribution
Percent of People with Each Score
Percentile by Number Answered
Your Score History
You have not taken this quiz